| 000 | 00906nam a2200289 c 4500 | ||
|---|---|---|---|
| 003 | BLK | ||
| 005 | 20190913121257.0 | ||
| 008 | 180911b bul|||||r ||||||| ||bul|| | ||
| 010 | _a003728 | ||
| 040 | _aBLK | ||
| 041 | _aRUS | ||
| 080 |
_aАристофан _x92 _z875(092)92 |
||
| 100 | 1 |
_aГОЛОВНЯ, В. _eпърви автор |
|
| 245 | 0 | 0 | _aАристофан |
| 260 |
_aМосква _bАН СССР _c1955 |
||
| 300 |
_a184 с _bс ил. _c20 см |
||
| 380 | _a82 | ||
| 490 | _aАН СССР | ||
| 490 | _aИнст. истории искусств | ||
| 490 |
_aЧастна колекция - Академик Михаил Арнаудов _gДарение - Основен фонд |
||
| 650 | _aБиографии | ||
| 650 | _aПисатели | ||
| 655 | _aЛитературознание | ||
| 700 | 1 | _aВ. В. Головня | |
| 852 | _aМА 3331 | ||
| 942 |
_cKNG _n0 |
||
| 944 |
_aCR _c1994 |
||
| 999 |
_c344065 _d344065 |
||